Statistics for 2019-20 Bayern Munich Winning Squad

Click here to take the quiz!

General Stats

  • This quiz has been taken 520 times
  • The average score is 11 of 12

Answer Stats

PositionNationalityPerson% Correct
GoalkeeperManuel Neuer
99%
Left BackAlphonso Davies
98%
Centre ForwardRobert Lewandowski
98%
Central DefenderDavid Alaba
96%
Central MidfielderThomas Müller
95%
Right BackBenjamin Pavard
91%
Right WingerJoshua Kimmich
89%
Left WingerSerge Gnabry
89%
Defensive MidfielderThiago Alcantara
86%
Central DefenderJérôme Boateng
84%
Defensive MidfielderLeon Goretzka
83%
CoachHans-Dieter Flick
75%

Score Distribution

Percentile by Number Answered

Percent of People with Each Score

Your Score History

You have not taken this quiz